000 00895nab a2200229 i 4500
001 768714001
003 CO-MdFUSB
005 20260316100824.0
008 230530s1985 us ||||| |||| 00| 0 eng d
040 _bspa
_aCO-MdFUSB
_cCO-MdFUSB
_dCO-MdFUSB
041 _aeng
100 _aEngstrom, Ted
_eautor
245 _aProcrastinating when you'd rather not
_c/ Ted W. Engstrom
300 _aVolumen 6, número 1 (Winter 1985), páginas 42 - 45
_c; 27 cm
520 _aCuando te ves obligado a dejar para mañana lo que realmente querías hacer hoy. . . ¿entonces que? Cómo establecer prioridades y resolver problemas.
546 _aTexto en Inglés
650 7 _9107
_aSabiduría
653 _aToma de decisiones
773 0 _068780
_981985
_oR2473
_tLeadership :
_w(CO-MdFUSB)768714001
_gVolumen 6, número 1 (Winter 1985), páginas 42 - 45
_qpágina 42
942 _cANA
945 _aJTF-925
999 _c68910
_d68910